Naturaleza y propiedades de los suelos: texto de Edafología para enseñanza

Enregistré dans:
Détails bibliographiques
Auteur principal: Buckman, Harry O
Autres auteurs: Brady, Nyle C
Format: Livre
Langue:espagnol
Publié: Barcelona, España Hispano Americana 1966
Sujets:
Tags: Ajouter un tag
Pas de tags, Soyez le premier à ajouter un tag!

MARC

LEADER 00000nam a2200000 a 4500
001 UCS7445
003 CL-VaPUC
005 20230620164856.0
008 971017e19660000SP |||||||||||||||||spa|d
999 |c 262540  |d 262538 
040 |c Pontificia Universidad Católica de Valparaíso 
082 0 4 |a 631.4 BUC 1966  |2 21 
100 0 |a Buckman, Harry O  |9 392554 
245 1 0 |a Naturaleza y propiedades de los suelos: texto de Edafología para enseñanza 
260 0 3 |a Barcelona, España  |b Hispano Americana  |c 1966 
300 |a 590 páginas 
583 |a last modification  |c 19971017 00:00:00  |k Rodrigo Vera 
650 7 |a EDAFOLOGIA  |2 CL-VaPUC  |9 392556 
650 0 |a Suelos  |9 260322 
650 0 |a Composición del suelo  |9 392557 
650 7 |a MINERALES DEL SUELO  |2 CL-VaPUC  |9 370717 
650 0 |a Materia orgánica  |9 348286 
650 0 |a Agua del suelo   |9 348474 
650 7 |a CLASIFICACION DE SUELOS  |2 CL-VaPUC  |9 392558 
650 7 |a SUELOS ORGANICOS  |2 CL-VaPUC  |9 372791 
650 0 |a Fertilizantes  |9 262833 
700 0 |a Brady, Nyle C  |9 392555 
942 |c BK  |2 ddc 
945 |d 19971017 00:00:00  |a rleighto